000 00493nam a22001937a 4500
003 MPLRDC
005 20220104144044.0
008 210129b ||||| |||| 00| 0 eng d
020 _a957-708-984-4
082 _a177.2 LZC
100 _a赖志超、苏伦慧
245 _aAQ DIY 2000
_c
250 _a初版
260 _a台湾
_b红色文化事业股份有限公司
_c2000
300 _b158
490 _aPLAYING. 13
650 _a应用心理学--成功法
942 _cBK
_o177.2 LZC
999 _c45955
_d45945